|
|
|
|
| LEADER |
00000cam a2200000 i 4500 |
| 001 |
1/7646 |
| 008 |
100519s2008 gre d |
| 020 |
|
|
|a 978-960-456-120-9
|
| 035 |
|
|
|l 10107939
|
| 040 |
|
|
|a GR-MY-UA
|b gre
|e aacr
|
| 041 |
0 |
|
|a gre
|
| 082 |
0 |
|
|a 577.88
|2 (22)
|
| 100 |
1 |
|
|a Στάμου, Γεώργιος Π.
|d 1947-
|
| 245 |
1 |
0 |
|a Οικολογία :
|b εισαγωγή στην οικολογία των πληθυσμών /
|c Γ.Π. Στάμου
|
| 260 |
|
|
|a Θεσσαλονίκη :
|b Ζήτη,
|c 2008
|
| 300 |
|
|
|a 202 σ.;
|b πίν., διαγρ.;
|c 24 εκ.
|
| 504 |
|
|
|a Βιβλιογραφία: σ. 201-202
|
| 650 |
0 |
0 |
|a Ecology.
|
| 650 |
0 |
0 |
|a Ecosystem management.
|
| 650 |
0 |
0 |
|a Population ecology.
|
| 650 |
0 |
0 |
|a Human ecology.
|
| 852 |
|
|
|a INST
|b LESVOS
|e 20100519
|h 577.88 ΣΤΑ
|p 005100047226
|q 005100047226
|t BK
|y 0
|
| 852 |
|
|
|a INST
|b LESVOS
|e 20100519
|h 577.88 ΣΤΑ
|p 005100047227
|q 005100047227
|t BK
|y 0
|
| 852 |
|
|
|a INST
|b LESVOS
|e 20100519
|h 577.88 ΣΤΑ
|p 005100047228
|q 005100047228
|t BK
|y 0
|
| 852 |
|
|
|a INST
|b LESVOS
|e 20100519
|h 577.88 ΣΤΑ
|p 005100047229
|q 005100047229
|t BK
|y 0
|
| 852 |
|
|
|a INST
|b LESVOS
|e 20100519
|h 577.88 ΣΤΑ
|p 005100047333
|q 005100047333
|t BK
|y 0
|
| 852 |
|
|
|a INST
|b LESVOS
|e 20111116
|h 577.88 ΣΤΑ
|p 005100051008
|q 005100051008
|t BK
|y 0
|
| 852 |
|
|
|a INST
|b LESVOS
|e 20140520
|h 577.88 ΣΤΑ
|p 005100054232
|q 005100054232
|t BK
|y 0
|
| 852 |
|
|
|a INST
|b LESVOS
|c EUDOXUS
|e 20160120
|h 577.88 ΣΤΑ
|p 005100057170
|q 005100057170
|t EDX
|y 0
|
| 852 |
|
|
|a INST
|b LESVOS
|c EUDOXUS
|e 20160120
|h 577.88 ΣΤΑ
|p 005100057171
|q 005100057171
|t EDX
|y 0
|
| 901 |
|
|
|a BIBL1-2010-2
|
| 901 |
|
|
|a BIBL1-2014-2
|
| 909 |
|
|
|a Λ
|b 164185
|
| 909 |
|
|
|a Λ
|b 189019
|
| 909 |
|
|
|a Λ
|b 173117
|
| 909 |
|
|
|a Λ
|b 164186
|
| 909 |
|
|
|a Λ
|b 164187
|
| 909 |
|
|
|a Λ
|b 164188
|
| 909 |
|
|
|a Λ
|b 164189
|
| 920 |
|
|
|a Εύδοξος
|b Παραγγελία
|y Λέσβος-ΤΓ
|z 2016-01
|
| 920 |
|
|
|a ΔΗΜΤΣΑΣ
|b Λ.
|y ΛΕΣΒΟΣ
|z 2014-03
|
| 970 |
|
|
|a ΓΙΑΛΑΜΑ
|b ΜΑΡΙΑ
|z 2010/05/19
|